| 000 | 01784cam a22003258a 4500 | ||
|---|---|---|---|
| 001 | 17134856 | ||
| 005 | 20130205111621.0 | ||
| 008 | 120124s2013 mou b 000 0 eng | ||
| 010 | _a 2012003221 | ||
| 020 | _a9780323083256 (pbk. : alk. paper) | ||
| 082 | 0 | 0 |
_a610.73 _223 _bHAR |
| 100 | 1 |
_aHarding, Mariann. _932400 |
|
| 245 | 1 | 0 |
_aWinningham's Critical Thinking Cases in Nursing : _bMedical-Surgical, Pediatric, Maternity, and Psychiatric / _cMariann Harding, Julie S. Snyder, Barbara A. Preusser. |
| 246 | 1 | _aCritical thinking cases in nursing | |
| 250 | _a5th ed. | ||
| 260 |
_aSt. Louis, Mo. : _bElsevier/Mosby, _cc2013. |
||
| 300 |
_ap. ; _ccm. |
||
| 500 | _aRev. ed. of: Critical thinking in medical-surgical settings / Maryl L. Winningham and Barbara A. Preusser. 2nd ed. c2011. | ||
| 504 | _aIncludes bibliographical references. | ||
| 505 | 0 | _aCardiovascular disorders -- Respiratory disorders -- Musculoskeletal disorders -- Gastrointestinal disorders -- Genitourinary disorders -- Neurologic disorders -- Endocrine disorders -- Immunologic disorders -- Oncologic and hematologic disorders -- Pediatric disorders -- Maternal and obstetric disorders -- Women's health disorders -- Psychiatric disorders -- Alternative therapies -- Patients with multiple disorders -- Emergency situations. | |
| 650 | 1 | 2 |
_aNursing Process _vCase Reports. _932401 |
| 650 | 1 | 2 |
_aNursing Process _vProblems and Exercises. _932402 |
| 650 | 2 | 2 |
_aNursing Care _vCase Reports. _932403 |
| 650 | 2 | 2 |
_aNursing Care _vProblems and Exercises. _932404 |
| 653 |
_bNUR _cFebruary2013 |
||
| 700 | 1 |
_aSnyder, Julie S. _932405 |
|
| 700 | 1 |
_aPreusser, Barbara A. _932406 |
|
| 700 | 1 |
_aWinningham, Maryl Lynne, _d1947-2001. _tCritical thinking in medical-surgical settings. _932407 |
|
| 942 |
_2ddc _cNRB |
||
| 999 |
_c17231 _d17203 |
||